Rozvojové ciele milénia

Príspevok vysvetľuje na základe dostupných zdrojov koncept rozvojových cieľov Organizácie Spojených národov a stanovuje kľúčové faktory ich úspešnej komunikácie. Poukazuje na environmentálny dopad životného štandardu vybraných indikátorov pri raste ekonomických aktivít a ich vplyv na komponenty ľuds...

Descrizione completa

Salvato in:
Dettagli Bibliografici
Autore principale: Borguľa, Matúš
Natura: Capitolo di libro
Lingua:slovacco
Soggetti:
Tags: Aggiungi Tag
Nessun Tag, puoi essere il primo ad aggiungerne!!

MARC

LEADER 00000nla a2200000 4500
001 0180973
005 20240502073109.7
041 0 |a slo 
044 |a SK 
245 1 0 |a Rozvojové ciele milénia  |c Matúš Borguľa 
520 |a Príspevok vysvetľuje na základe dostupných zdrojov koncept rozvojových cieľov Organizácie Spojených národov a stanovuje kľúčové faktory ich úspešnej komunikácie. Poukazuje na environmentálny dopad životného štandardu vybraných indikátorov pri raste ekonomických aktivít a ich vplyv na komponenty ľudského rozvoja. 
610 2 0 |a Organizácia spojených národov 
610 2 0 |a programy rozvojové 
610 2 0 |a rozvoj trvalo udržateľný 
610 2 0 |a ochrana prostredia životného 
610 2 0 |a chudoba 
610 2 0 |a index rozvoja ľudského 
100 1 |a Borguľa, Matúš